[Event "Belem op 1st"]
[Site "Belem"]
[Date "2024.04.13"]
[Round "1"]
[White "Muniz, Saulo da Rocha"]
[Black "Assuncao, Darlane Brito"]
[Result "0-1"]
[WhiteElo "1800"]
[BlackElo "1783"]
[PlyCount "52"]
[EventDate "2024.04.13"]
[EventType "swiss"]
[EventRounds "6"]
[EventCountry "BRA"]
[SourceTitle "CB18_2024"]
[SourceDate "2024.05.01"]
[SourceVersion "1"]
[SourceVersionDate "2024.05.01"]
[SourceQuality "2"]

1. e4 d6 2. d4 Nf6 3. Nc3 g6 4. Nf3 Bg7 5. Be2 0-0 6. 0-0 Nc6 7. h3 e5 8. Be3 a6 9. Qd2 b5 10. a3 Qe8 11. dxe5 dxe5 12. Rad1 Bb7 13. Bc5 Ne7 14. Nxe5 Nxe4 15. Nxe4 Bxe4 16. Nd7 Rd8 17. Qb4 Nc6 18. Qd2 Bf5 19. Bg4 Rxd7 20. Qxd7 Bxd7 21. Bxd7 Qa8 22. Bxf8 Bxf8 23. Rfe1 Kg7 24. Re8 Qb7 25. Bxc6 Qxc6 26. Rdd8 Bd6 0-1